000
00186 a2200097 4500
001
8612
100
_a
Mufti Mumtaz
245
_a
Chump
260
_a
_b
Ferozsons
_c
090
_c
6935
_d
6935
942
_a
NUST-CAE
_c
M
_c
33528
999
_c
243685
_d
243685